000 00305nam a22001337a 4500
008 170712b xxu||||| |||| 00| 0 eng d
020 _a9782850362583
041 _aeng
080 _a038
100 _a26
101 _aFJA
245 _aLDICTIONNAIRE DE LA LANGUE FRANQAISE
_cROBERT, L
942 _2udc
_cBK
999 _c20353
_d20353